000 00567nam a2200169 a 4500
020 _a0442317522
082 0 4 _a624.1821
_bNET
_cL-1, P-122
100 1 _aNethercot, D. A.
_943037
245 1 0 _aLimit states design of structural steelwork /
_cDavid Nethercot.
260 _aWokingham, Berkshire, England :
_bVan Nostrand Reinhold (UK) Co.,
_c1986.
300 _axvi, 175 p. :
_bill. ;
_c24 cm.
526 _a0
_b0
_c0
_d624_182100000000000_NET
650 0 _aMCE
_9379
650 0 _aPlastic analysis (Engineering)
_919041
650 0 _aSteel, Structural.
942 _2ddc
_cBK
999 _c546838
_d546838